000 00438nam a2200181Ia 4500
005 20240823041656.0
008 240823s9999||||xx |||||||||||||| ||und||
041 _aENGLISH
082 _A380.1 N1
100 _aRamaswamy
245 0 _aMarketing Salesmanship and Advertising
250 _a1st
260 _c1991
_b"Sterling,New Delhi"
500 _aYES
650 _aManagement
_bManagement Studies
942 _cBK
999 _c206065
_d206065